000
00215 a2200097 4500
001
43772
100
_a
Krantz
245
_a
Key to reading and study skills
260
_a
_b
Holt rein hart
_c
090
_c
27529
_d
27529
942
_a
NUST-CAE
_c
M
_c
19479
999
_c
278845
_d
278845